[Event "European Women's Championship"]
[Site "Vysoke Tatry"]
[Date "2018.04.14"]
[Round "7"]
[White "Cibickova, Zuzana"]
[Black "Tsolakidou, Stavroula"]
[Result "0-1"]
[Board "22"]
[WhiteElo "2327"]
[WhiteTitle "WGM"]
[WhiteCountry "SVK"]
[WhiteFideId "14905779"]
[WhiteEloChange "-7"]
[BlackElo "2430"]
[BlackTitle "WGM"]
[BlackCountry "GRE"]
[BlackFideId "4264312"]
[BlackEloChange "4"]

1. e4 {[%clk 1:30:58]} c5 {[%clk 1:30:55]} 2. Nf3 {[%clk 1:31:21]} d6 {[%clk
1:31:19]} 3. d4 {[%clk 1:31:47]} cxd4 {[%clk 1:31:44]} 4. Nxd4 {[%clk 1:32:13]}
Nf6 {[%clk 1:32:07]} 5. Nc3 {[%clk 1:32:40]} a6 {[%clk 1:32:33]} 6. Bg5 {[%clk
1:33:05]} Nbd7 {[%clk 1:32:57]} 7. Qe2 {[%clk 1:33:30]} g6 {[%clk 1:33:11]} 8.
O-O-O {[%clk 1:32:11]} e5 {[%clk 1:33:19]} 9. Nd5 {[%clk 1:27:57]} Bg7 {[%clk
1:33:08]} 10. Nb3 {[%clk 1:15:03]} b5 {[%clk 1:20:33]} 11. f3 {[%clk 1:00:45]} h6
{[%clk 1:09:08]} 12. Bxf6 {[%clk 0:54:12]} Nxf6 {[%clk 1:04:06]} 13. Qd2 {[%clk
0:51:35]} O-O {[%clk 1:01:27]} 14. Kb1 {[%clk 0:42:30]} Be6 {[%clk 0:55:13]} 15.
c4 {[%clk 0:42:12]} a5 {[%clk 0:38:19]} 16. Nc1 {[%clk 0:32:16]} Rc8 {[%clk
0:32:32]} 17. Nxf6+ {[%clk 0:26:54]} Bxf6 {[%clk 0:27:21]} 18. cxb5 {[%clk
0:26:11]} Bg5 {[%clk 0:27:30]} 19. Qe1 {[%clk 0:24:55]} Qb6 {[%clk 0:25:47]} 20.
Bd3 {[%clk 0:18:11]} Rc7 {[%clk 0:18:41]} 21. Ne2 {[%clk 0:14:34]} Rfc8 {[%clk
0:15:33]} 22. Nc3 {[%clk 0:09:55]} Rxc3 {[%clk 0:12:56]} 23. bxc3 {[%clk
0:10:24]} a4 {[%clk 0:12:57]} 24. Qe2 {[%clk 0:05:01]} Rxc3 {[%clk 0:12:24]} 25.
Rc1 {[%clk 0:05:22]} Bxc1 {[%clk 0:11:34]} 26. Rxc1 {[%clk 0:05:50]} Rxc1+ {[%clk
0:11:57]} 27. Kxc1 {[%clk 0:06:17]} a3 {[%clk 0:10:30]} 28. Kb1 {[%clk 0:03:17]}
Qg1+ {[%clk 0:10:36]} 29. Qf1 {[%clk 0:03:21]} Qd4 {[%clk 0:10:46]} 30. Qe2
{[%clk 0:03:38]} Kg7 {[%clk 0:10:36]} 31. h3 {[%clk 0:03:25]} h5 {[%clk 0:10:54]}
32. h4 {[%clk 0:02:20]} d5 {[%clk 0:10:22]} 33. exd5 {[%clk 0:02:02]} Bxd5 {[%clk
0:10:47]} 34. b6 {[%clk 0:00:36]} Qxb6+ {[%clk 0:11:04]} 35. Kc1 {[%clk 0:00:33]}
Qg1+ {[%clk 0:11:12]} 36. Kd2 {[%clk 0:00:48]} Qd4 {[%clk 0:11:23]} 37. g4 {[%clk
0:00:41]} hxg4 {[%clk 0:11:41]} 0-1

[Event "European Women's Championship"]
[Site "Vysoke Tatry"]
[Date "2018.04.14"]
[Round "7"]
[White "Theissl Pokorna, Regina"]
[Black "Vega Gutierrez, Sabrina"]
[Result "0-1"]
[Board "23"]
[WhiteElo "2320"]
[WhiteTitle "WGM"]
[WhiteCountry "AUT"]
[WhiteFideId "14902052"]
[WhiteEloChange "-7"]
[BlackElo "2425"]
[BlackTitle "IM"]
[BlackCountry "ESP"]
[BlackFideId "2219026"]
[BlackEloChange "4"]

1. e4 {[%clk 1:30:57]} c5 {[%clk 1:30:53]} 2. c3 {[%clk 1:31:12]} d5 {[%clk
1:30:42]} 3. exd5 {[%clk 1:31:35]} Qxd5 {[%clk 1:31:05]} 4. d4 {[%clk 1:31:57]}
Nf6 {[%clk 1:30:42]} 5. Nf3 {[%clk 1:32:06]} e6 {[%clk 1:28:41]} 6. Na3 {[%clk
1:32:19]} a6 {[%clk 1:18:54]} 7. Nc4 {[%clk 1:31:23]} Nbd7 {[%clk 1:19:16]} 8.
Be2 {[%clk 1:25:23]} cxd4 {[%clk 1:08:31]} 9. Qxd4 {[%clk 1:20:29]} b5 {[%clk
0:51:20]} 10. Na5 {[%clk 1:08:34]} Bc5 {[%clk 0:50:10]} 11. Qxd5 {[%clk 1:08:59]}
Nxd5 {[%clk 0:50:34]} 12. a4 {[%clk 1:07:28]} Bb6 {[%clk 0:44:28]} 13. Nb3 {[%clk
1:04:57]} b4 {[%clk 0:38:05]} 14. a5 {[%clk 0:58:34]} Ba7 {[%clk 0:38:21]} 15.
Bd2 {[%clk 0:58:59]} bxc3 {[%clk 0:38:15]} 16. bxc3 {[%clk 0:59:25]} Nc5 {[%clk
0:33:42]} 17. Nxc5 {[%clk 0:54:27]} Bxc5 {[%clk 0:34:09]} 18. Rb1 {[%clk
0:51:56]} f6 {[%clk 0:32:53]} 19. O-O {[%clk 0:50:30]} O-O {[%clk 0:31:58]} 20.
Ne1 {[%clk 0:46:36]} Rd8 {[%clk 0:27:57]} 21. Nd3 {[%clk 0:40:56]} Ba7 {[%clk
0:26:27]} 22. Rfd1 {[%clk 0:33:44]} Rb8 {[%clk 0:24:37]} 23. Rxb8 {[%clk
0:32:48]} Bxb8 {[%clk 0:25:05]} 24. c4 {[%clk 0:30:45]} Ne7 {[%clk 0:24:56]} 25.
Be3 {[%clk 0:31:09]} Nc6 {[%clk 0:16:47]} 26. Bb6 {[%clk 0:30:45]} Rd7 {[%clk
0:16:45]} 27. Rb1 {[%clk 0:22:32]} Bc7 {[%clk 0:14:38]} 28. Nc5 {[%clk 0:18:08]}
Re7 {[%clk 0:06:00]} 29. Nb3 {[%clk 0:18:24]} e5 {[%clk 0:01:29]} 30. c5 {[%clk
0:11:47]} Bf5 {[%clk 0:01:14]} 31. Bc4+ {[%clk 0:11:30]} Kf8 {[%clk 0:01:35]} 32.
Rc1 {[%clk 0:09:00]} Bc8 {[%clk 0:01:48]} 33. g3 {[%clk 0:08:12]} g6 {[%clk
0:02:06]} 34. Bd5 {[%clk 0:06:54]} Nb4 {[%clk 0:00:37]} 35. Bg2 {[%clk 0:07:02]}
Be6 {[%clk 0:01:05]} 36. Nd2 {[%clk 0:07:22]} Rd7 {[%clk 0:00:32]} 37. Ne4 {[%clk
0:04:14]} f5 {[%clk 0:00:31]} 38. c6 {[%clk 0:04:02]} Re7 {[%clk 0:00:38]} 39.
Bc5 {[%clk 0:04:18]} Nd3 {[%clk 0:00:56]} 40. Bxe7+ {[%clk 0:32:40]} Kxe7 {[%clk
0:31:24]} 41. Rc3 {[%clk 0:23:48]} fxe4 {[%clk 0:31:37]} 42. Bxe4 {[%clk
0:24:16]} Nb4 {[%clk 0:31:02]} 43. Bd3 {[%clk 0:24:36]} Kd6 {[%clk 0:23:10]} 44.
Be2 {[%clk 0:24:21]} Bd5 {[%clk 0:23:28]} 45. h4 {[%clk 0:24:39]} e4 {[%clk
0:19:28]} 46. h5 {[%clk 0:23:41]} gxh5 {[%clk 0:16:23]} 47. Bxh5 {[%clk 0:23:51]}
Bxa5 {[%clk 0:16:14]} 48. g4 {[%clk 0:18:50]} Bb6 {[%clk 0:14:09]} 49. g5 {[%clk
0:13:57]} Nxc6 {[%clk 0:08:39]} 50. Bd1 {[%clk 0:12:36]} Be6 {[%clk 0:06:51]} 51.
Kg2 {[%clk 0:07:21]} Nd4 {[%clk 0:07:18]} 52. Ba4 {[%clk 0:07:14]} a5 {[%clk
0:06:26]} 53. Rc1 {[%clk 0:06:07]} Bd5 {[%clk 0:04:20]} 54. Rb1 {[%clk 0:04:32]}
Bd8 {[%clk 0:04:45]} 55. Kg3 {[%clk 0:02:28]} Bxg5 {[%clk 0:05:10]} 56. Rd1
{[%clk 0:02:44]} Ke5 {[%clk 0:05:08]} 57. Kg4 {[%clk 0:02:51]} Bf4 {[%clk
0:04:38]} 58. Ra1 {[%clk 0:03:02]} Be6+ {[%clk 0:04:33]} 0-1

[Event "European Women's Championship"]
[Site "Vysoke Tatry"]
[Date "2018.04.14"]
[Round "7"]
[White "Melia, Salome"]
[Black "Gvanceladze, Anna"]
[Result "1/2-1/2"]
[Board "24"]
[WhiteElo "2411"]
[WhiteTitle "IM"]
[WhiteCountry "GEO"]
[WhiteFideId "13602446"]
[WhiteEloChange "-2"]
[BlackElo "2302"]
[BlackTitle "WFM"]
[BlackCountry "RUS"]
[BlackFideId "4113721"]
[BlackEloChange "3"]

1. e4 {[%clk 1:30:58]} c6 {[%clk 1:30:09]} 2. d4 {[%clk 1:31:18]} d5 {[%clk
1:30:34]} 3. e5 {[%clk 1:31:42]} c5 {[%clk 1:30:58]} 4. dxc5 {[%clk 1:32:06]} e6
{[%clk 1:31:25]} 5. a3 {[%clk 1:28:12]} Bxc5 {[%clk 1:31:46]} 6. b4 {[%clk
1:28:22]} Bb6 {[%clk 1:32:01]} 7. Nf3 {[%clk 1:28:46]} Nc6 {[%clk 1:31:50]} 8.
Bb2 {[%clk 1:29:00]} Nge7 {[%clk 1:32:09]} 9. Nbd2 {[%clk 1:28:58]} Ng6 {[%clk
1:31:51]} 10. h4 {[%clk 1:25:46]} h5 {[%clk 1:18:28]} 11. g3 {[%clk 1:24:12]} Bc7
{[%clk 1:09:23]} 12. Qe2 {[%clk 1:24:06]} f6 {[%clk 0:51:55]} 13. exf6 {[%clk
1:19:11]} gxf6 {[%clk 0:52:23]} 14. Bg2 {[%clk 1:16:06]} e5 {[%clk 0:44:30]} 15.
Nh2 {[%clk 1:00:20]} Bf5 {[%clk 0:37:01]} 16. Nb3 {[%clk 0:59:15]} Qd6 {[%clk
0:34:36]} 17. Rd1 {[%clk 0:53:43]} Nge7 {[%clk 0:33:50]} 18. O-O {[%clk 0:45:49]}
O-O-O {[%clk 0:33:47]} 19. c4 {[%clk 0:43:26]} d4 {[%clk 0:30:58]} 20. Nc5 {[%clk
0:38:06]} Kb8 {[%clk 0:24:43]} 21. Nxb7 {[%clk 0:32:08]} Kxb7 {[%clk 0:25:08]}
22. c5 {[%clk 0:32:09]} d3 {[%clk 0:21:20]} 23. Qd2 {[%clk 0:32:30]} Qe6 {[%clk
0:21:32]} 24. b5 {[%clk 0:32:53]} Kc8 {[%clk 0:19:46]} 25. bxc6 {[%clk 0:32:34]}
Nxc6 {[%clk 0:20:14]} 26. Rfe1 {[%clk 0:30:30]} e4 {[%clk 0:18:13]} 27. Nf1
{[%clk 0:28:12]} Nd4 {[%clk 0:15:12]} 28. Bxd4 {[%clk 0:26:50]} Rxd4 {[%clk
0:15:40]} 29. Rb1 {[%clk 0:20:59]} Qc6 {[%clk 0:15:27]} 30. Rb2 {[%clk 0:16:02]}
Rhd8 {[%clk 0:14:22]} 31. Reb1 {[%clk 0:16:19]} Bg4 {[%clk 0:12:36]} 32. Rb4
{[%clk 0:11:59]} 1/2-1/2

[Event "European Women's Championship"]
[Site "Vysoke Tatry"]
[Date "2018.04.14"]
[Round "7"]
[White "Gaponenko, Inna"]
[Black "Fuchs, Judith"]
[Result "1-0"]
[Board "25"]
[WhiteElo "2406"]
[WhiteTitle "IM"]
[WhiteCountry "UKR"]
[WhiteFideId "14101181"]
[WhiteEloChange "3"]
[BlackElo "2286"]
[BlackTitle "WGM"]
[BlackCountry "GER"]
[BlackFideId "24605611"]
[BlackEloChange "-7"]

1. e4 {[%clk 1:30:57]} c5 {[%clk 1:30:55]} 2. Nf3 {[%clk 1:31:23]} d6 {[%clk
1:31:16]} 3. d4 {[%clk 1:31:40]} cxd4 {[%clk 1:31:42]} 4. Nxd4 {[%clk 1:32:06]}
Nf6 {[%clk 1:32:05]} 5. Nc3 {[%clk 1:32:32]} a6 {[%clk 1:32:29]} 6. Be3 {[%clk
1:32:48]} e6 {[%clk 1:32:47]} 7. f3 {[%clk 1:32:59]} b5 {[%clk 1:32:42]} 8. Qd2
{[%clk 1:33:24]} Nbd7 {[%clk 1:32:34]} 9. g4 {[%clk 1:33:43]} b4 {[%clk 1:31:45]}
10. Nd1 {[%clk 1:24:16]} h6 {[%clk 1:30:19]} 11. Nc6 {[%clk 1:03:45]} Qc7 {[%clk
1:30:32]} 12. Nxb4 {[%clk 1:04:09]} a5 {[%clk 1:18:27]} 13. Nd3 {[%clk 1:03:41]}
d5 {[%clk 1:16:47]} 14. Qc3 {[%clk 0:54:38]} Qxc3+ {[%clk 1:02:55]} 15. Nxc3
{[%clk 0:54:46]} dxe4 {[%clk 1:02:09]} 16. Nxe4 {[%clk 0:55:04]} Nxe4 {[%clk
0:59:48]} 17. fxe4 {[%clk 0:55:14]} Bb7 {[%clk 0:59:34]} 18. Bg2 {[%clk 0:42:17]}
Nf6 {[%clk 0:47:57]} 19. Nf2 {[%clk 0:42:12]} Rc8 {[%clk 0:44:44]} 20. O-O-O
{[%clk 0:36:57]} Bc5 {[%clk 0:44:36]} 21. Bxc5 {[%clk 0:31:37]} Rxc5 {[%clk
0:45:04]} 22. Rd2 {[%clk 0:31:52]} O-O {[%clk 0:39:48]} 23. Re1 {[%clk 0:16:53]}
Rfc8 {[%clk 0:32:25]} 24. b3 {[%clk 0:08:35]} h5 {[%clk 0:27:55]} 25. e5 {[%clk
0:06:25]} Bxg2 {[%clk 0:26:27]} 26. exf6 {[%clk 0:06:20]} Bf3 {[%clk 0:16:32]}
27. Nd3 {[%clk 0:04:22]} Rd5 {[%clk 0:13:31]} 28. Ne5 {[%clk 0:00:52]} Rxd2
{[%clk 0:08:43]} 29. Kxd2 {[%clk 0:01:21]} Bb7 {[%clk 0:07:26]} 30. g5 {[%clk
0:01:00]} Rd8+ {[%clk 0:06:08]} 31. Kc3 {[%clk 0:01:12]} h4 {[%clk 0:05:27]} 32.
Nd3 {[%clk 0:00:46]} Rd5 {[%clk 0:05:01]} 33. Re5 {[%clk 0:01:11]} gxf6 {[%clk
0:04:01]} 34. gxf6 {[%clk 0:01:12]} Kh7 {[%clk 0:04:22]} 35. Rxd5 {[%clk
0:01:33]} Bxd5 {[%clk 0:04:35]} 36. Kd4 {[%clk 0:01:44]} Kh6 {[%clk 0:03:56]} 37.
c4 {[%clk 0:01:55]} Bb7 {[%clk 0:03:22]} 38. Ke5 {[%clk 0:01:30]} Kg5 {[%clk
0:03:42]} 39. h3 {[%clk 0:01:00]} Bg2 {[%clk 0:02:10]} 40. Nf4 {[%clk 0:31:19]}
Bxh3 {[%clk 0:31:08]} 41. Nxh3+ {[%clk 0:31:40]} Kg4 {[%clk 0:31:34]} 42. Nf4
{[%clk 0:31:57]} 1-0

[Event "European Women's Championship"]
[Site "Vysoke Tatry"]
[Date "2018.04.14"]
[Round "7"]
[White "Mkrtchian, Lilit"]
[Black "Ozturk, Kubra"]
[Result "1/2-1/2"]
[Board "26"]
[WhiteElo "2403"]
[WhiteTitle "IM"]
[WhiteCountry "ARM"]
[WhiteFideId "13300601"]
[WhiteEloChange "-2"]
[BlackElo "2295"]
[BlackTitle "WGM"]
[BlackCountry "TUR"]
[BlackFideId "6302599"]
[BlackEloChange "3"]

1. Nf3 {[%clk 1:30:47]} d5 {[%clk 1:30:43]} 2. e3 {[%clk 1:30:48]} Nf6 {[%clk
1:30:34]} 3. c4 {[%clk 1:31:07]} e6 {[%clk 1:30:50]} 4. Nc3 {[%clk 1:31:17]} c5
{[%clk 1:29:06]} 5. d4 {[%clk 1:23:48]} dxc4 {[%clk 1:19:33]} 6. Bxc4 {[%clk
1:24:10]} Be7 {[%clk 1:18:53]} 7. e4 {[%clk 1:10:52]} cxd4 {[%clk 1:17:19]} 8.
Nxd4 {[%clk 1:10:17]} O-O {[%clk 1:12:20]} 9. e5 {[%clk 1:05:10]} Nfd7 {[%clk
1:10:13]} 10. Bf4 {[%clk 1:04:56]} Nb6 {[%clk 0:50:32]} 11. Bb3 {[%clk 1:00:18]}
Nc6 {[%clk 0:47:32]} 12. Ndb5 {[%clk 0:48:32]} 1/2-1/2

[Event "European Women's Championship"]
[Site "Vysoke Tatry"]
[Date "2018.04.14"]
[Round "7"]
[White "Arabidze, Meri"]
[Black "Yildiz Kadioglu, Betul Cemre"]
[Result "1-0"]
[Board "27"]
[WhiteElo "2393"]
[WhiteTitle "IM"]
[WhiteCountry "GEO"]
[WhiteFideId "13604040"]
[WhiteEloChange "7"]
[BlackElo "2286"]
[BlackTitle "WGM"]
[BlackCountry "TUR"]
[BlackFideId "6302920"]
[BlackEloChange "-7"]

1. d4 {[%clk 1:30:57]} Nf6 {[%clk 1:30:56]} 2. c4 {[%clk 1:31:19]} e6 {[%clk
1:31:21]} 3. Nc3 {[%clk 1:31:42]} Bb4 {[%clk 1:31:14]} 4. Nf3 {[%clk 1:32:07]}
O-O {[%clk 1:30:55]} 5. Bg5 {[%clk 1:32:30]} d5 {[%clk 1:20:40]} 6. e3 {[%clk
1:30:04]} c6 {[%clk 1:17:28]} 7. Bd3 {[%clk 1:29:15]} Nbd7 {[%clk 1:10:23]} 8.
O-O {[%clk 1:28:59]} h6 {[%clk 1:10:47]} 9. Bh4 {[%clk 1:28:54]} Be7 {[%clk
1:07:53]} 10. Rc1 {[%clk 1:26:08]} b6 {[%clk 0:59:31]} 11. cxd5 {[%clk 1:23:29]}
cxd5 {[%clk 0:58:17]} 12. Bg3 {[%clk 1:10:12]} a6 {[%clk 0:52:08]} 13. Na4 {[%clk
1:06:12]} Ne8 {[%clk 0:47:19]} 14. e4 {[%clk 1:02:12]} Bb7 {[%clk 0:45:50]} 15.
e5 {[%clk 1:01:54]} Rc8 {[%clk 0:44:18]} 16. Rxc8 {[%clk 0:57:32]} Qxc8 {[%clk
0:44:33]} 17. Qd2 {[%clk 0:55:41]} Bc6 {[%clk 0:41:02]} 18. Rc1 {[%clk 0:42:14]}
Qb7 {[%clk 0:41:24]} 19. Nc3 {[%clk 0:41:19]} Nc7 {[%clk 0:41:16]} 20. Bf4 {[%clk
0:40:36]} f5 {[%clk 0:22:43]} 21. exf6 {[%clk 0:38:56]} Rxf6 {[%clk 0:23:11]} 22.
Ne5 {[%clk 0:25:59]} Nxe5 {[%clk 0:22:20]} 23. Bxe5 {[%clk 0:24:25]} Rf8 {[%clk
0:22:48]} 24. Bb1 {[%clk 0:16:54]} Ne8 {[%clk 0:21:53]} 25. Qd3 {[%clk 0:16:18]}
Nf6 {[%clk 0:21:51]} 26. f3 {[%clk 0:16:43]} Rc8 {[%clk 0:21:30]} 27. Re1 {[%clk
0:14:54]} Bd7 {[%clk 0:21:01]} 28. h4 {[%clk 0:13:51]} b5 {[%clk 0:18:12]} 29.
Ne2 {[%clk 0:05:14]} b4 {[%clk 0:15:53]} 30. Nf4 {[%clk 0:05:42]} Qb5 {[%clk
0:16:01]} 31. Qe3 {[%clk 0:05:07]} Qb6 {[%clk 0:14:29]} 32. g4 {[%clk 0:04:05]}
Be8 {[%clk 0:10:09]} 33. Qd3 {[%clk 0:03:19]} Bb5 {[%clk 0:09:53]} 34. Qg6 {[%clk
0:03:05]} Be8 {[%clk 0:10:03]} 35. Qd3 {[%clk 0:03:34]} Bb5 {[%clk 0:10:27]} 36.
Qd2 {[%clk 0:03:30]} Nd7 {[%clk 0:07:34]} 37. Bxg7 {[%clk 0:01:56]} Bxh4 {[%clk
0:06:23]} 38. Nxe6 {[%clk 0:02:10]} Bxe1 {[%clk 0:04:51]} 39. Qxh6 {[%clk
0:02:39]} Kf7 {[%clk 0:02:14]} 40. Bf5 {[%clk 0:31:23]} Rc6 {[%clk 0:30:46]} 41.
Qg6+ {[%clk 0:25:27]} Ke7 {[%clk 0:31:01]} 42. Bf8+ {[%clk 0:25:41]} Nxf8 {[%clk
0:31:23]} 43. Qg7+ {[%clk 0:26:08]} Kd6 {[%clk 0:30:28]} 44. Qxf8+ {[%clk
0:26:31]} Kd7 {[%clk 0:30:55]} 45. Nc5+ {[%clk 0:26:52]} 1-0

[Event "European Women's Championship"]
[Site "Vysoke Tatry"]
[Date "2018.04.14"]
[Round "7"]
[White "Velikic, Adela"]
[Black "Hoolt, Sarah"]
[Result "1-0"]
[Board "28"]
[WhiteElo "2241"]
[WhiteTitle "WIM"]
[WhiteCountry "SRB"]
[WhiteFideId "913553"]
[WhiteEloChange "14"]
[BlackElo "2393"]
[BlackTitle "WGM"]
[BlackCountry "GER"]
[BlackFideId "24606812"]
[BlackEloChange "-14"]

1. e4 {[%clk 1:30:56]} c5 {[%clk 1:30:54]} 2. Nf3 {[%clk 1:31:21]} e6 {[%clk
1:31:20]} 3. g3 {[%clk 1:31:46]} Nc6 {[%clk 1:30:24]} 4. Bg2 {[%clk 1:32:10]} Nf6
{[%clk 1:30:32]} 5. Qe2 {[%clk 1:32:34]} e5 {[%clk 1:30:37]} 6. O-O {[%clk
1:32:50]} Be7 {[%clk 1:30:58]} 7. c3 {[%clk 1:33:11]} O-O {[%clk 1:31:00]} 8. Na3
{[%clk 1:33:32]} Re8 {[%clk 1:23:00]} 9. d3 {[%clk 1:32:12]} Bf8 {[%clk 1:16:22]}
10. Bg5 {[%clk 1:16:04]} h6 {[%clk 1:16:10]} 11. Bxf6 {[%clk 1:15:47]} Qxf6
{[%clk 1:16:36]} 12. Nc4 {[%clk 1:15:23]} d6 {[%clk 1:04:07]} 13. Ne3 {[%clk
1:15:31]} Qd8 {[%clk 1:02:31]} 14. Rad1 {[%clk 0:58:33]} Qa5 {[%clk 0:52:26]} 15.
a3 {[%clk 0:56:23]} Be6 {[%clk 0:50:38]} 16. Nh4 {[%clk 0:51:20]} Qd8 {[%clk
0:46:43]} 17. Qe1 {[%clk 0:44:20]} Be7 {[%clk 0:36:26]} 18. Nhf5 {[%clk 0:41:31]}
Bf6 {[%clk 0:36:49]} 19. f4 {[%clk 0:32:18]} exf4 {[%clk 0:25:46]} 20. gxf4
{[%clk 0:32:25]} Ne7 {[%clk 0:18:52]} 21. Ng3 {[%clk 0:29:15]} Bh4 {[%clk
0:16:03]} 22. f5 {[%clk 0:25:08]} Bb3 {[%clk 0:16:24]} 23. f6 {[%clk 0:19:04]}
Ng6 {[%clk 0:13:25]} 24. fxg7 {[%clk 0:18:12]} Bxd1 {[%clk 0:13:46]} 25. Qxd1
{[%clk 0:18:00]} Bxg3 {[%clk 0:11:30]} 26. hxg3 {[%clk 0:18:23]} Qg5 {[%clk
0:11:33]} 27. Nf5 {[%clk 0:14:36]} Re6 {[%clk 0:09:00]} 28. d4 {[%clk 0:13:05]}
cxd4 {[%clk 0:07:48]} 29. cxd4 {[%clk 0:13:29]} Ne7 {[%clk 0:06:37]} 30. d5
{[%clk 0:08:49]} Rg6 {[%clk 0:06:47]} 31. Nh4 {[%clk 0:03:29]} Rxg7 {[%clk
0:06:59]} 32. Rf3 {[%clk 0:03:00]} Rc8 {[%clk 0:06:56]} 33. Qb3 {[%clk 0:02:33]}
Rc7 {[%clk 0:05:29]} 34. Qa4 {[%clk 0:02:10]} Kh7 {[%clk 0:03:55]} 35. Qxa7
{[%clk 0:02:11]} Qc1+ {[%clk 0:03:20]} 36. Kh2 {[%clk 0:01:55]} Ng6 {[%clk
0:01:46]} 37. Nf5 {[%clk 0:01:18]} Rg8 {[%clk 0:01:00]} 38. Rf1 {[%clk 0:01:34]}
Qxb2 {[%clk 0:01:10]} 39. Qe3 {[%clk 0:01:52]} Rg7 {[%clk 0:00:54]} 40. Rb1
{[%clk 0:30:48]} Qe5 {[%clk 0:30:54]} 41. Qxh6+ {[%clk 0:30:33]} Kg8 {[%clk
0:31:20]} 42. Qxg7+ {[%clk 0:30:50]} Qxg7 {[%clk 0:31:46]} 43. Nxg7 {[%clk
0:31:13]} Kxg7 {[%clk 0:32:10]} 44. Rb6 {[%clk 0:30:04]} Ne5 {[%clk 0:28:10]} 45.
Rxd6 {[%clk 0:28:40]} Ng4+ {[%clk 0:22:38]} 46. Kh3 {[%clk 0:28:37]} Nf2+ {[%clk
0:23:04]} 47. Kh4 {[%clk 0:26:41]} Nxe4 {[%clk 0:23:33]} 48. Bxe4 {[%clk
0:18:05]} Rc4 {[%clk 0:23:55]} 49. Kg5 {[%clk 0:07:26]} Rxe4 {[%clk 0:24:20]} 50.
g4 {[%clk 0:03:51]} Ra4 {[%clk 0:23:32]} 51. Kf5 {[%clk 0:01:43]} Rxa3 {[%clk
0:21:40]} 52. Rb6 {[%clk 0:02:06]} Re3 {[%clk 0:12:32]} 53. Rxb7 {[%clk 0:02:01]}
Re1 {[%clk 0:12:57]} 54. d6 {[%clk 0:00:59]} Re2 {[%clk 0:06:13]} 55. Rb5 {[%clk
0:01:05]} Rd2 {[%clk 0:05:51]} 56. Ke5 {[%clk 0:01:26]} Re2+ {[%clk 0:05:21]} 57.
Kd5 {[%clk 0:00:46]} Kf6 {[%clk 0:05:42]} 58. g5+ {[%clk 0:00:44]} Kxg5 {[%clk
0:03:52]} 59. Kc6+ {[%clk 0:01:06]} Kf6 {[%clk 0:02:46]} 60. Rd5 {[%clk 0:01:01]}
Rc2+ {[%clk 0:03:09]} 61. Kd7 {[%clk 0:00:42]} Ra2 {[%clk 0:03:27]} 62. Rc5
{[%clk 0:00:45]} Ra7+ {[%clk 0:03:29]} 63. Rc7 {[%clk 0:01:05]} Ra6 {[%clk
0:03:36]} 64. Rb7 {[%clk 0:00:56]} Ra1 {[%clk 0:02:03]} 65. Rb6 {[%clk 0:00:41]}
Ra7+ {[%clk 0:01:33]} 66. Kc8 {[%clk 0:00:53]} Ra8+ {[%clk 0:01:27]} 67. Kc7
{[%clk 0:00:52]} Ke6 {[%clk 0:01:19]} 68. d7+ {[%clk 0:00:40]} Ke7 {[%clk
0:01:42]} 69. Ra6 {[%clk 0:00:57]} Rf8 {[%clk 0:00:46]} 70. Rd6 {[%clk 0:01:09]}
f5 {[%clk 0:01:03]} 71. d8Q+ {[%clk 0:01:07]} Rxd8 {[%clk 0:01:32]} 72. Rxd8
{[%clk 0:01:31]} Ke6 {[%clk 0:01:54]} 73. Rf8 {[%clk 0:00:44]} Ke5 {[%clk
0:02:18]} 74. Kc6 {[%clk 0:00:48]} f4 {[%clk 0:02:40]} 75. Kc5 {[%clk 0:01:03]}
Ke4 {[%clk 0:03:07]} 76. Kc4 {[%clk 0:01:03]} Ke3 {[%clk 0:03:28]} 77. Kc3 {[%clk
0:00:58]} f3 {[%clk 0:03:48]} 78. Re8+ {[%clk 0:01:22]} Kf2 {[%clk 0:04:11]} 79.
Kd2 {[%clk 0:01:38]} Kg2 {[%clk 0:03:53]} 80. Rg8+ {[%clk 0:01:45]} Kf1 {[%clk
0:04:09]} 81. Ke3 {[%clk 0:02:00]} f2 {[%clk 0:04:36]} 82. Rf8 {[%clk 0:02:19]}
1-0